00378nam a2200109Ia 4500082001600000245003600016100005300052942000700105008004100112999001900153952009600172 aTSO TF LUBI 0aGqwetha : [Tsonga youth novel]  a LUBISI, C M. Cape Town, 1992 1st ed 963070 cBK210817s9999 xx 000 0 und d c199561d199560 00104070aEMBALbEMBALd2021-08-18g203.00l0p33228022252652r2021-08-18w2021-08-18yBK